The impact of overtourism in Spanish cities
| Main Author: | |
|---|---|
| Other Authors: | |
| Format: | Thesis |
| Kulcsszavak: | Anti-tourism overtourism responsible tourism social responsibility Spain |
| Online Access: | http://dolgozattar.uni-bge.hu/59902 |
MARC
| LEADER | 00000nta a2200000 i 4500 | ||
|---|---|---|---|
| 001 | dolg59902 | ||
| 005 | 20260409145725.0 | ||
| 008 | 260409suuuu hu om 000 eng d | ||
| 040 | |a BGE Dolgozattár Repozitórium |b hun | ||
| 041 | |a en | ||
| 100 | 1 | |a Tarnóczi Lili Flóra | |
| 245 | 1 | 4 | |a The impact of overtourism in Spanish cities |c Tarnóczi Lili Flóra |h [elektronikus dokumentum] |
| 520 | 3 | |a This study explores how overtourism affects everyday life in Spain, with a closer look at its impact on Barcelona, Valencia, and Malaga, through the voices of local residents. While tourism brings economic value, many shared concerns about rising rents, loss of public spaces, and feeling increasingly excluded from their own neighbourhoods. These are not just complaints, they reflect a deep desire for more thoughtful and inclusive tourism. The findings highlight the need for policies that protect both community well-being and the long-term sustainability of urban tourism. | |
| 695 | |a Anti-tourism | ||
| 695 | |a overtourism | ||
| 695 | |a responsible tourism | ||
| 695 | |a social responsibility | ||
| 695 | |a Spain | ||
| 700 | 1 | |a Smith Melanie Kay |e ths | |
| 856 | 4 | 0 | |u http://dolgozattar.uni-bge.hu/59902/1/The%20impact%20of%20overtourism%20in%20Spanish%20cities%20-%20Tarno%CC%81czi%20Lili%20Flo%CC%81ra.pdf |z Dokumentum-elérés |
| 856 | 4 | 0 | |u http://dolgozattar.uni-bge.hu/59902/2/Thesis%20Assessment_BSc_2025_Tarnoczi_Lili_Flora_HV.pdf |z Dokumentum-elérés |
| 856 | 4 | 0 | |u http://dolgozattar.uni-bge.hu/59902/3/Lili%20T%C3%A1rnoczi_Review_Melanie%20Smith.pdf |z Dokumentum-elérés |